Инерциальные микромеханические датчики; Современные техника и технологии; Т. 1

書誌詳細
Parent link:Современные техника и технологии: сборник трудов XVIII международной научно-практической конференции студентов, аспирантов и молодых ученых, Томск, 9-13 апреля 2012 г/ Национальный исследовательский Томский политехнический университет (ТПУ).— , 2012
Т. 1.— 2012.— [С. 169-170]
第一著者: Бурганова С. Я.
その他の著者: Нестеренко Т. Г. Тамара Георгиевна (научный руководитель)
要約:Заглавие с титульного листа
言語:ロシア語
出版事項: 2012
シリーズ:Секция 1. Электроэнергетика
主題:
オンライン・アクセス:http://www.lib.tpu.ru/fulltext/v/Conferences/2012/C2/V1/v1_082.pdf
フォーマット: 電子媒体 図書の章
KOHA link:https://koha.lib.tpu.ru/cgi-bin/koha/opac-detail.pl?biblionumber=221672

MARC

LEADER 00000naa2a2200000 4500
001 221672
005 20260210155656.0
035 |a (RuTPU)RU\TPU\book\241848 
035 |a RU\TPU\book\241100 
090 |a 221672 
100 |a 20120913d2012 k y0rusy50 ca 
101 0 |a rus 
102 |a RU 
135 |a drnn ---uucaa 
181 0 |a i  
182 0 |a b 
200 1 |a Инерциальные микромеханические датчики  |f С. Я. Бурганова  |g науч. рук. Т. Г. Нестеренко 
203 |a Текст  |c электронный 
215 |a 1 файл (837 Кб) 
225 1 |a Секция 1. Электроэнергетика 
300 |a Заглавие с титульного листа 
320 |a [Библиогр.: с. 170 (4 назв.)] 
337 |a Adobe Reader 
461 1 |0 (RuTPU)RU\TPU\book\240890  |t Современные техника и технологии  |o сборник трудов XVIII международной научно-практической конференции студентов, аспирантов и молодых ученых, Томск, 9-13 апреля 2012 г  |o в 3 т.  |f Национальный исследовательский Томский политехнический университет (ТПУ)  |d 2012 
463 1 |0 (RuTPU)RU\TPU\book\240891  |t Т. 1  |v [С. 169-170]  |d 2012 
610 1 |a труды учёных ТПУ 
610 1 |a электронный ресурс 
610 1 |a приборостроение 
610 1 |a датчики 
610 1 |a кремний 
610 1 |a инерциальные системы 
610 1 |a микромеханические приборы 
610 1 |a чипы 
700 1 |a Бурганова  |b С. Я. 
702 1 |a Нестеренко  |b Т. Г.  |c специалист в области машиностроения  |c доцент Томского политехнического университета, кандидат технических наук  |f 1946-  |g Тамара Георгиевна  |4 727 
801 2 |a RU  |b 63413507  |c 20130205  |g RCR 
856 4 |u http://www.lib.tpu.ru/fulltext/v/Conferences/2012/C2/V1/v1_082.pdf 
942 |c CF